Curs monogràfic sobre la bacil·lèmia tuberculosa : per Lluís Sayé ... per Lluís Sayé ...
Descripción Física:
1 full ; 25 cm
MARC
| LEADER | 00000nam a2200000Ia 4500 | ||
|---|---|---|---|
| 001 | 16465 | ||
| 008 | 160829s1934 xx 000 0 cat d | ||
| 080 | |a 4363, exp. 104 | ||
| 100 | |a Universitat Autònoma de Barcelona. Facultat de Medicina |9 48630 | ||
| 245 | |a Curs monogràfic sobre la bacil·lèmia tuberculosa : |b per Lluís Sayé ... | ||
| 260 | |a Barcelona : |b Inst. Gràf. Oliva de Vilanova, |c 1934 | ||
| 300 | |a 1 full ; |c 25 cm | ||
| 590 | |a Abans del títol: Generalitat de Catalunya. Universitat Autònoma de Barcelona. Facultat de Medicina. Càtedra de Tisiologia. | ||
| 590 | |a Hi ha un duplicat a 4363, exp. 104 | ||
| 650 | |a Universitat Autònoma de Barcelona. Facultat de Medicina |x Currículums |9 48631 | ||
| 710 | 1 | |a Catalunya. |b Generalitat |9 12125 | |
| 901 | |a Arxiu | ||
| 942 | |n 1 | ||
| 952 | |0 0 |1 0 |4 0 |6 4363_EXP_104 |7 1 |9 54712 |a Arxiu |b Arxiu |d 2016-12-01 |l 0 |o 4363, exp. 104 |p 16465 |r 2016-12-01 00:00:00 |w 2016-12-01 |y ARXIU | ||
| 999 | |c 58581 |d 58581 | ||